000
00255nam a2200097Ia 4500
008
120527s9999 xx 000 0 und d
100
_a
KRAMER,Orin.
245
_a
workers compensation strenghten the social compact.
260
_b
Insurance inf.
942
_c
BK
999
_c
24024
_d
24024